Data is the bricks and mortar of valuation (Record no. 71615)

MARC details
000 -LEADER
fixed length control field 01072cam a2200229 4500
001 - CONTROL NUMBER
control field ABS66156
008 - FIXED-LENGTH DATA ELEMENTS--GENERAL INFORMATION
fixed length control field 021121n2002 000 0 eng u
035 ## - SYSTEM CONTROL NUMBER
System control number (Sirsi) u120542
100 ## - MAIN ENTRY--PERSONAL NAME
Personal name Waller, A
245 ## - TITLE STATEMENT
Title Data is the bricks and mortar of valuation
260 ## - PUBLICATION, DISTRIBUTION, ETC.
Date of publication, distribution, etc. 2002
490 ## - SERIES STATEMENT
Series statement Estates Gazette
Volume/sequential designation (0246) 16 November 2002, 181(1)
520 ## - SUMMARY, ETC.
Summary, etc. Examines property data and its accuracy and use. Notes that there is increasing use of data standards such as PISCES but argues that these systems are only useful if the data imputed into them is accurate. A recent survey by Ernst and Young has shown that over 40% of users do not trust the data in their own systems. Describes the processes of data cleansing and transfer which can be an expensive and time consuming process.
590 ## - LOCAL NOTE (RLIN)
Local note ABS
650 ## - SUBJECT ADDED ENTRY--TOPICAL TERM
Topical term or geographic name entry element PROPERTY DATA
650 ## - SUBJECT ADDED ENTRY--TOPICAL TERM
Topical term or geographic name entry element PROPERTY INDUSTRY SYSTEMS COMMON EXCHANGE STANDARD
650 ## - SUBJECT ADDED ENTRY--TOPICAL TERM
Topical term or geographic name entry element DATA STANDARDS
650 ## - SUBJECT ADDED ENTRY--TOPICAL TERM
Topical term or geographic name entry element DATA CLEANSING
650 ## - SUBJECT ADDED ENTRY--TOPICAL TERM
Topical term or geographic name entry element DATA TRANSFER
690 ## - LOCAL SUBJECT ADDED ENTRY--TOPICAL TERM (OCLC, RLIN)
Topical term or geographic name as entry element MANAGEMENT-BUSINESS MANAGEMENT-INFORMATION MANAGEMENT
942 ## - ADDED ENTRY ELEMENTS (KOHA)
Suppress in OPAC 0
Holdings
Withdrawn status Lost status Source of classification or shelving scheme Damaged status Not for loan Home library Current library Shelving location Date acquired Total Checkouts Full call number Barcode Date last seen Copy number Price effective from Koha item type
    Dewey Decimal Classification     London London Journal article 21/11/2002   ABS66156 120542-1001 06/08/2019 1 06/08/2019 Journal article